Физика: учебное пособие

書誌詳細
第一著者: Ботаки А. А. Александр Анджелович
団体著者: Томский политехнический институт (ТПИ) Институт дистанционного образования (ИДО)
その他の著者: Ларионов В. В. Виталий Васильевич, Поздеева Э. В. Эльвира Вадимовна
要約:В учебном пособии изложены все разделы курса общей физики; даны разъяснения основных законов, явлений и понятий физической механики, молекулярной физики, термодинамики, электродинамики, колебаний и волн, оптики, физики атомов и атомного ядра; предложены вопросы для контроля знаний по каждому разделу курса. Пособие подготовлено на кафедре общей физики, соответствует программе курса физики высших технических учебных заведений и предназначено для студентов специальносги 080502 «Экономика и управление на предприятии» Института дистанционного образования.
言語:ロシア語
出版事項: Томск, Изд-во ТПУ, 2007
主題:
フォーマット: 図書
KOHA link:https://koha.lib.tpu.ru/cgi-bin/koha/opac-detail.pl?biblionumber=129535

MARC

LEADER 00000nam0a2200000 4500
001 129535
005 20231219151234.0
035 |a (RuTPU)RU\TPU\book\140199 
090 |a 129535 
100 |a 20080124d2007 m y0rusy50 ca 
101 0 |a rus 
102 |a RU 
105 |a a j 001zy 
200 1 |a Физика  |e учебное пособие  |f А. А. Ботаки, В. В. Ларионов, Э. В. Поздеева  |g Томский политехнический институт (ТПИ), Институт дистанционного образования (ИДО) 
210 |a Томск  |c Изд-во ТПУ  |d 2007 
215 |a 120 с.  |c ил. 
320 |a Библиогр.: с. 116. 
330 |a В учебном пособии изложены все разделы курса общей физики; даны разъяснения основных законов, явлений и понятий физической механики, молекулярной физики, термодинамики, электродинамики, колебаний и волн, оптики, физики атомов и атомного ядра; предложены вопросы для контроля знаний по каждому разделу курса. Пособие подготовлено на кафедре общей физики, соответствует программе курса физики высших технических учебных заведений и предназначено для студентов специальносги 080502 «Экономика и управление на предприятии» Института дистанционного образования. 
606 |a Физика  |2 stltpush  |3 (RuTPU)RU\TPU\subj\63709  |9 80688 
610 1 |a учебные пособия 
610 1 |a механика 
610 1 |a кинематика 
610 1 |a материальная точка 
610 1 |a динамика 
610 1 |a работа 
610 1 |a механическая энергия 
610 1 |a твердые тела 
610 1 |a движение 
610 1 |a законы сохранения 
610 1 |a специальная теория относительности 
610 1 |a гидромеханика 
610 1 |a механические колебания 
610 1 |a волны 
610 1 |a молекулярная физика 
610 1 |a термодинамика 
610 1 |a электричество 
610 1 |a магнетизм 
610 1 |a электромагнитные колебания 
610 1 |a волновая оптика 
610 1 |a квантовая физика 
610 1 |a квантовая механика 
610 1 |a атомная физика 
610 1 |a труды учёных ТПУ 
675 |a 53(075.8)  |v 3 
700 1 |a Ботаки  |b А. А.  |c физик  |c доцент Томского политехнического университета, кандидат физико-математических наук  |f 1950-  |g Александр Анджелович  |3 (RuTPU)RU\TPU\pers\26938 
701 1 |a Ларионов  |b В. В.  |c физик  |c профессор Томского политехнического университета, доктор педагогических наук  |f 1945-  |g Виталий Васильевич  |3 (RuTPU)RU\TPU\pers\25193  |4 070  |9 11273 
701 1 |a Поздеева  |b Э. В.  |c российский физик  |c доцент Томского политехнического университета, кандидат технических наук  |f 1944-  |g Эльвира Вадимовна  |3 (RuTPU)RU\TPU\pers\26936  |4 070 
712 0 2 |a Томский политехнический институт (ТПИ)  |b Институт дистанционного образования (ИДО)  |3 (RuTPU)RU\TPU\col\12626 
801 1 |a RU  |b 63413507  |c 20080124  |g PSBO 
801 2 |a RU  |b 63413507  |c 20220411  |g PSBO 
942 |c BK